000 00314 a2200121 4500
000 nam a22 7a 4500
005 20260213110429.0
020 _a978-1-041-08725-0
100 _aJahanbegloo, Ramin
_91115553
245 _aHannah Arendt: the illegitimacy of violence
260 _bRoutledge
_c2025
942 _cTB
999 _c1679522
_d1679522